[Event "ROM-ch U14"]
[Site "Baile Felix"]
[Date "2017.02.02"]
[Round "1"]
[White "Coman, Mihnea George"]
[Black "Soltuz Grosu, Roland Vladimir"]
[Result "1-0"]
[WhiteElo "2130"]
[BlackElo "1574"]
[PlyCount "107"]
[EventDate "2017.02.02"]
[EventType "swiss"]
[EventRounds "9"]
[EventCountry "ROU"]
[SourceTitle "CBM 176 Extra"]
[Source "ChessBase"]
[SourceDate "2017.03.02"]
[SourceVersion "1"]
[SourceVersionDate "2017.03.02"]
[SourceQuality "1"]

1. e4 c5 2. Nf3 d6 3. d4 cxd4 4. Nxd4 Nf6 5. Nc3 e6 6. Be2 Be7 7. 0-0 a6 8. Be3 Qc7 9. a4 b6 10. f4 0-0 11. Bf3 Bb7 12. Qe1 Nbd7 13. Qg3 Nc5 14. e5 Nfe4 15. Nxe4 Nxe4 16. Bxe4 Bxe4 17. f5 Bxf5 18. Rxf5 exf5 19. Nxf5 g6 20. exd6 Bxd6 21. Qxd6 Qxd6 22. Nxd6 Rfd8 23. Ne4 f5 24. Nc3 Rab8 25. Bg5 Rd7 26. Re1 b5 27. axb5 axb5 28. Re5 b4 29. Nd5 Kf7 30. Bf4 Rb5 31. Ne3 Rxe5 32. Bxe5 Rd2 33. Kf1 Ke6 34. Ke1 Rd8 35. Bf4 Kf6 36. Bc7 Rc8 37. Ba5 f4 38. Nd5+ Ke5 39. Nxb4 g5 40. Nd3+ Ke4 41. Nf2+ Kf5 42. Kd2 g4 43. b4 f3 44. g3 h5 45. Kd3 Rc6 46. c4 h4 47. gxh4 Kf4 48. b5 Rd6+ 49. Kc3 Re6 50. Bc7+ Kf5 51. Bg3 Re2 52. Kd3 Re6 53. c5 Rg6 54. b6 1-0

[Event "ROM-ch U12"]
[Site "Calimanesti Caciulata"]
[Date "2016.04.18"]
[Round "1"]
[White "Soltuz Grosu, Roland Vladimir"]
[Black "Balaban Voia, Alexandru"]
[Result "0-1"]
[WhiteElo "1251"]
[BlackElo "1766"]
[PlyCount "98"]
[EventDate "2016.04.18"]
[EventType "swiss"]
[EventRounds "9"]
[EventCountry "ROU"]
[SourceTitle "CBM 172 Extra"]
[Source "ChessBase"]
[SourceDate "2016.06.21"]
[SourceVersion "1"]
[SourceVersionDate "2016.06.21"]
[SourceQuality "1"]

1. e4 c5 2. Nc3 d6 3. f4 Nf6 4. Nf3 h6 5. a4 Nc6 6. g3 e5 7. f5 d5 8. exd5 Nxd5 9. Nxd5 Qxd5 10. Bg2 Qe4+ 11. Kf2 Qxf5 12. Re1 Be7 13. Kg1 0-0 14. d3 f6 15. Nh4 Qd7 16. c3 Rd8 17. Be4 Qg4 18. Qxg4 Bxg4 19. Nf5 Bxf5 20. Bxf5 Na5 21. Be3 Nc6 22. Rad1 g6 23. Be6+ Kg7 24. Bh3 f5 25. Bg2 Rd7 26. Bf2 Kf6 27. Rf1 Rad8 28. g4 Ke6 29. gxf5+ gxf5 30. c4 e4 31. Bh3 Rxd3 32. Rxd3 Rxd3 33. Bg3 Rf3 34. Rxf3 exf3 35. Kf2 Nd4 36. Bf4 Bh4+ 37. Bg3 Bxg3+ 38. hxg3 Ke5 39. Bf1 h5 40. Bd3 f4 41. Bg6 fxg3+ 42. Kxg3 h4+ 43. Kxh4 Nf5+ 44. Kh3 f2 45. Bxf5 f1Q+ 46. Kh2 Kxf5 47. b4 Kg4 48. b5 Kf3 49. b6 Qg2# 0-1